Hlbokomorská ťažba - nie je ešte priskoro?
Hlbokomorská ťažba ako nový zdroj surovín a environmentálne dôsledky. Medzinárodný úrad pre morské dno (International Seabed Authority). Ťažobný kódex (Mining Code). Dopyt po nerastných surovinách.
Salvato in:
| Autore principale: | |
|---|---|
| Natura: | Capitolo di libro |
| Lingua: | slovacco |
| Soggetti: | |
| Tags: |
Nessun Tag, puoi essere il primo ad aggiungerne!!
|
MARC
| LEADER | 00000naa$a2200000$$$4500 | ||
|---|---|---|---|
| 001 | 0287202 | ||
| 005 | 20240502074420.5 | ||
| 041 | 0 | |a slo | |
| 044 | |a SK | ||
| 245 | 1 | 0 | |a Hlbokomorská ťažba - nie je ešte priskoro? |c Dorota Harakaľová |
| 520 | |a Hlbokomorská ťažba ako nový zdroj surovín a environmentálne dôsledky. Medzinárodný úrad pre morské dno (International Seabed Authority). Ťažobný kódex (Mining Code). Dopyt po nerastných surovinách. | ||
| 610 | 2 | 0 | |a environmentalistika |
| 610 | 2 | 0 | |a suroviny nerastné |
| 610 | 2 | 0 | |a ťažba surovín |
| 100 | 1 | |a Harakaľová, Dorota, 1989- | |